Tottenham Hotspur Biggest Transfers - Statistics

General Stats
  • This quiz has been taken 259 times
    120 since last reset
  • The average score is 114 of 280
Answer Stats
% Correct
Arrivals England ST 26 Dominic Solanke 24/25 Bournemouth €64.30m
94%
Arrivals Argentina CB 24 Cristian Romero 22/23 Atalanta €52.00m
92%
Arrivals England AM 26 James Maddison 23/24 Leicester City €46.30m
92%
Arrivals Wales RW 22 Brennan Johnson 23/24 Nottingham Forest €55.00m
91%
Arrivals Spain RB 23 Pedro Porro 23/24 Sporting CP €40.00m
91%
Arrivals Spain RB 23 Pedro Porro 22/23 Sporting CP €5.00m
91%
Arrivals Brazil ST 25 Richarlison 22/23 Everton €58.00m
91%
Arrivals South Korea LW 23 Son Heung-min 15/16 Bayer Leverkusen €30.00m
89%
Arrivals Wales LB 17 Gareth Bale 07/08 Southampton €14.70m
87%
Departures Wales RW 24 Gareth Bale 13/14 Real Madrid €101.00m
87%
Arrivals France ST 20 Mathys Tel 25/26 Bayern Munich €35.00m
87%
Arrivals France ST 19 Mathys Tel 24/25 Bayern Munich €10.00m
87%
Arrivals Netherlands CB 22 Micky van de Ven 23/24 Wolfsburg €40.00m
87%
Arrivals Colombia CB 21 Davinson Sánchez 17/18 Ajax €42.00m
86%
Departures Colombia CB 27 Davinson Sánchez 23/24 Galatasaray €9.50m
86%
Arrivals Sweden RW 23 Dejan Kulusevski 23/24 Juventus €30.00m
86%
Arrivals Sweden RW 21 Dejan Kulusevski 21/22 Juventus €10.00m
86%
Arrivals Croatia CM 22 Luka Modrić 08/09 Dinamo Zagreb €22.50m
86%
Departures Croatia CM 26 Luka Modrić 12/13 Real Madrid €35.00m
86%
Arrivals Brazil RW 25 Lucas Moura 17/18 Paris Saint-Germain €28.40m
84%
Arrivals France CM 22 Tanguy Ndombele 19/20 Lyon €62.00m
84%
Departures France CM 25 Tanguy Ndombele 21/22 Lyon €1.42m
84%
Arrivals England ST 23 Darren Bent 07/08 Charlton Athletic €24.75m
82%
Departures England ST 25 Darren Bent 09/10 Sunderland €11.80m
82%
Arrivals Uruguay CM 24 Rodrigo Bentancur 21/22 Juventus €19.00m
82%
Arrivals France CM 27 Moussa Sissoko 16/17 Newcastle United €35.00m
81%
Departures France CM 32 Moussa Sissoko 21/22 Watford €3.50m
81%
Arrivals Argentina AM 24 Giovani Lo Celso 20/21 Real Betis €32.00m
79%
Arrivals Argentina AM 23 Giovani Lo Celso 19/20 Real Betis €16.00m
79%
Departures Argentina AM 28 Giovani Lo Celso 24/25 Real Betis €5.00m
79%
Arrivals England DM 18 Archie Gray 24/25 Leeds United €41.25m
78%
Arrivals Bulgaria ST 25 Dimitar Berbatov 06/07 Bayer Leverkusen €15.70m
78%
Departures Bulgaria ST 27 Dimitar Berbatov 08/09 Manchester United €38.00m
78%
Arrivals Italy GK 26 Guglielmo Vicario 23/24 Empoli €18.50m
78%
Departures England ST 30 Harry Kane 23/24 Bayern Munich €95.00m
78%
Arrivals Netherlands LW 22 Steven Bergwijn 19/20 PSV €30.00m
78%
Departures Netherlands LW 24 Steven Bergwijn 22/23 Ajax €31.25m
78%
Arrivals Mali DM 25 Yves Bissouma 22/23 Brighton & Hove Albion €29.20m
78%
Arrivals Argentina RW 21 Erik Lamela 13/14 Roma €30.00m
76%
Arrivals Belgium CB 25 Jan Vertonghen 12/13 Ajax €12.50m
76%
Arrivals Romania CB 21 Radu Drăgușin 23/24 Genoa €25.00m
76%
Arrivals Ireland ST 28 Robbie Keane 08/09 Liverpool €16.70m
76%
Arrivals Ireland ST 22 Robbie Keane 02/03 Leeds United €10.50m
76%
Departures Ireland ST 28 Robbie Keane 08/09 Liverpool €24.00m
76%
Departures Ireland ST 31 Robbie Keane 11/12 Los Angeles Galaxy €3.75m
76%
Departures Ireland ST 29 Robbie Keane 09/10 Celtic €1.20m
76%
Departures Ireland ST 30 Robbie Keane 10/11 West Ham United €1.20m
76%
Arrivals Belgium CM 25 Mousa Dembélé 12/13 Fulham €19.00m
75%
Departures Belgium DM 31 Mousa Dembélé 18/19 Guangzhou R&F €5.35m
75%
Arrivals Ivory Coast RB 24 Serge Aurier 17/18 Paris Saint-Germain €25.00m
75%
Arrivals Spain LB 23 Sergio Reguilón 20/21 Real Madrid €30.00m
75%
Arrivals Italy LB 19 Destiny Udogie 22/23 Udinese €18.00m
74%
Arrivals Brazil RB 22 Emerson Royal 21/22 Barcelona €25.00m
74%
Departures Brazil RB 25 Emerson Royal 24/25 Milan €15.00m
74%
Arrivals Belgium CB 26 Toby Alderweireld 15/16 Atlético Madrid €16.00m
74%
Departures Belgium CB 32 Toby Alderweireld 21/22 Al-Duhail €13.00m
74%
Arrivals Denmark AM 21 Christian Eriksen 13/14 Ajax €14.15m
73%
Departures Denmark AM 27 Christian Eriksen 19/20 Inter Milan €27.00m
73%
Arrivals France GK 25 Hugo Lloris 12/13 Lyon €12.60m
73%
Arrivals Senegal CM 18 Pape Matar Sarr 21/22 Metz €16.90m
73%
Arrivals Denmark DM 25 Pierre-Emile Højbjerg 20/21 Southampton €16.60m
73%
Departures Denmark DM 29 Pierre-Emile Højbjerg 25/26 Marseille €13.50m
73%
Arrivals Wales LB 21 Ben Davies 14/15 Swansea City €12.65m
72%
Departures Wales RM 25 Simon Davies 05/06 Everton €5.25m
72%
Arrivals Sweden CM 18 Lucas Bergvall 24/25 Djurgårdens €20.00m
71%
Arrivals Ireland RB 28 Matt Doherty 20/21 Wolverhampton Wanderers €16.80m
71%
Arrivals England LB 19 Ryan Sessegnon 19/20 Fulham €27.00m
71%
Departures England GK 29 Ian Walker 01/02 Leicester City €3.75m
69%
Arrivals Austria CB 26 Kevin Danso 25/26 Lens €25.00m
69%
Arrivals England RB 19 Kyle Walker 09/10 Sheffield United €5.90m
69%
Departures England RB 27 Kyle Walker 17/18 Manchester City €52.70m
69%
Arrivals England ST 26 Jermain Defoe 08/09 Portsmouth €16.40m
68%
Arrivals England ST 21 Jermain Defoe 03/04 West Ham United €10.50m
68%
Departures England ST 25 Jermain Defoe 07/08 Portsmouth €9.30m
68%
Departures England ST 31 Jermain Defoe 13/14 Toronto €9.09m
68%
Arrivals Kenya DM 25 Victor Wanyama 16/17 Southampton €14.40m
67%
Arrivals Spain LW 20 Bryan Gil 21/22 Sevilla €25.00m
65%
Arrivals Spain ST 32 Fernando Llorente 17/18 Swansea City €15.10m
65%
Arrivals Spain ST 28 Roberto Soldado 13/14 Valencia €30.00m
65%
Departures Spain ST 30 Roberto Soldado 15/16 Villarreal €16.00m
65%
Arrivals France RW 19 Wilson Odobert 24/25 Burnley €29.30m
64%
Arrivals Togo ST 28 Emmanuel Adebayor 12/13 Manchester City €6.40m
61%
Arrivals England ST 28 Peter Crouch 09/10 Portsmouth €10.50m
61%
Departures England ST 30 Peter Crouch 11/12 Stoke City €11.30m
61%
Arrivals England RB 24 Kieran Trippier 15/16 Burnley €4.90m
58%
Departures England RB 28 Kieran Trippier 19/20 Atlético Madrid €22.00m
58%
Arrivals England CB 20 Eric Dier 14/15 Sporting CP €5.00m
55%
Departures England CB 29 Eric Dier 23/24 Bayern Munich €3.50m
55%
Arrivals Iceland AM 22 Gylfi Sigurðsson 12/13 Hoffenheim €10.00m
55%
Departures Iceland AM 24 Gylfi Sigurðsson 14/15 Swansea City €10.10m
55%
Arrivals England AM 18 Dele Alli 14/15 Milton Keynes Dons €6.63m
53%
Arrivals England RB 21 Djed Spence 22/23 Middlesbrough €14.70m
53%
Departures England RB 23 Djed Spence 23/24 Leeds United €1.10m
53%
Departures England DM 27 Harry Winks 23/24 Leicester City €11.60m
53%
Departures England DM 23 Oliver Skipp 24/25 Leicester City €23.50m
52%
Arrivals Brazil CM 24 Paulinho 13/14 Corinthians €19.75m
52%
Departures Brazil CM 26 Paulinho 15/16 Guangzhou Evergrande €14.00m
52%
Arrivals Netherlands ST 22 Vincent Janssen 16/17 AZ Alkmaar €22.00m
52%
Departures Netherlands ST 25 Vincent Janssen 19/20 Monterrey €9.00m
52%
Departures Netherlands ST 23 Vincent Janssen 17/18 Fenerbahçe €2.50m
52%
Departures England RW 28 Aaron Lennon 15/16 Everton €6.00m
49%
Departures Ireland RB 27 Stephen Carr 04/05 Newcastle United €3.00m
49%
Arrivals Czech Republic GK 21 Antonín Kinský 24/25 Slavia Prague €16.50m
48%
Arrivals Argentina CB 19 Juan Foyth 17/18 Estudiantes €10.50m
48%
Departures Argentina CB 23 Juan Foyth 21/22 Villarreal €15.00m
48%
Arrivals Netherlands AM 27 Rafael van der Vaart 10/11 Real Madrid €10.50m
48%
Departures Netherlands AM 29 Rafael van der Vaart 12/13 Hamburger €13.00m
48%
Arrivals Wales CB 22 Joe Rodon 20/21 Swansea City €12.10m
47%
Departures Wales CB 26 Joe Rodon 24/25 Leeds United €11.80m
47%
Arrivals England DM 23 Michael Carrick 04/05 West Ham United €4.10m
47%
Departures England DM 25 Michael Carrick 06/07 Manchester United €27.20m
47%
Departures England RB 23 Kyle Walker-Peters 20/21 Southampton €13.30m
46%
Arrivals United States SS 29 Clint Dempsey 12/13 Fulham €7.50m
45%
Departures United States SS 30 Clint Dempsey 13/14 Seattle Sounders €8.18m
45%
Departures Algeria DM 22 Nabil Bentaleb 17/18 Schalke €19.00m
44%
Arrivals Belgium LW 23 Nacer Chadli 13/14 Twente €8.15m
44%
Departures Belgium LW 27 Nacer Chadli 16/17 West Bromwich Albion €15.20m
44%
Arrivals Argentina ST 19 Alejo Véliz 23/24 Rosario Central €15.00m
42%
Departures England LB 29 Danny Rose 19/20 Newcastle United €2.00m
42%
Arrivals Brazil GK 27 Heurelho Gomes 08/09 PSV €9.00m
42%
Arrivals England ST 26 Teddy Sheringham 92/93 Nottingham Forest €3.15m
42%
Departures England ST 31 Teddy Sheringham 96/97 Manchester United €5.30m
42%
Arrivals Croatia CB 22 Vedran Ćorluka 08/09 Manchester City €13.75m
41%
Departures Croatia CB 26 Vedran Ćorluka 12/13 Lokomotiv Moscow €7.00m
41%
Arrivals Russia ST 26 Roman Pavlyuchenko 08/09 Spartak Moscow €17.40m
39%
Departures Russia ST 30 Roman Pavlyuchenko 11/12 Lokomotiv Moscow €9.00m
39%
Arrivals Brazil DM 21 Sandro 10/11 Internacional €10.00m
38%
Departures Brazil DM 25 Sandro 14/15 Queens Park Rangers €7.50m
38%
Arrivals Austria CB 22 Kevin Wimmer 15/16 Köln €6.00m
36%
Departures Austria CB 24 Kevin Wimmer 17/18 Stoke City €19.40m
36%
Arrivals Netherlands LW 25 Arnaut Danjuma 22/23 Villarreal €3.00m
35%
Departures United States CB 24 Cameron Carter-Vickers 22/23 Celtic €7.00m
35%
Arrivals Romania CB 23 Vlad Chiricheș 13/14 Steaua București €9.50m
35%
Departures Romania CB 25 Vlad Chiricheș 15/16 Napoli €7.00m
35%
Departures United States RB 23 DeAndre Yedlin 16/17 Newcastle United €5.90m
34%
Arrivals England CB 21 Michael Dawson 04/05 Nottingham Forest €7.00m
34%
Departures England CB 30 Michael Dawson 14/15 Hull City €4.40m
34%
Arrivals Netherlands GK 30 Michel Vorm 14/15 Swansea City €5.70m
34%
Arrivals Cameroon LB 22 Benoît Assou-Ekotto 06/07 Lens €5.00m
33%
Arrivals Argentina CB 27 Federico Fazio 14/15 Sevilla €10.00m
33%
Departures Argentina CB 30 Federico Fazio 17/18 Roma €3.20m
33%
Departures Argentina CB 29 Federico Fazio 16/17 Roma €1.20m
33%
Departures Germany ST 31 Jürgen Klinsmann 95/96 Bayern Munich €1.40m
33%
Arrivals Croatia CB 18 Luka Vušković 25/26 Hajduk Split €11.00m
33%
Arrivals Honduras DM 24 Wilson Palacios 08/09 Wigan Athletic €15.00m
33%
Departures Honduras DM 26 Wilson Palacios 11/12 Stoke City €9.00m
33%
Arrivals Portugal CM 21 Gedson Fernandes 19/20 Benfica €4.50m
32%
Departures England GK 34 Joe Hart 21/22 Celtic €1.20m
32%
Departures Germany AM 24 Lewis Holtby 15/16 Hamburger €6.50m
32%
Departures Germany AM 23 Lewis Holtby 14/15 Hamburger €2.50m
32%
Departures Ireland ST 22 Troy Parrott 24/25 AZ Alkmaar €4.00m
32%
Arrivals Brazil ST 25 Carlos Vinícius 20/21 Benfica €3.00m
31%
Arrivals Cameroon RW 22 Clinton N'Jie 15/16 Lyon €14.10m
31%
Departures Cameroon RW 23 Clinton N'Jie 17/18 Marseille €7.00m
31%
Departures England CM 25 Ryan Mason 16/17 Hull City €15.40m
31%
Arrivals Cameroon LW 21 Georges-Kévin Nkoudou 16/17 Marseille €11.00m
29%
Departures Cameroon LW 24 Georges-Kévin Nkoudou 19/20 Beşiktaş €4.50m
29%
Arrivals England CM 30 Scott Parker 11/12 West Ham United €5.75m
29%
Departures England CM 32 Scott Parker 13/14 Fulham €4.30m
29%
Arrivals South Africa LM 28 Steven Pienaar 10/11 Everton €3.60m
29%
Departures South Africa LM 30 Steven Pienaar 12/13 Everton €5.75m
29%
Departures England RW 24 Andros Townsend 15/16 Newcastle United €15.70m
28%
Arrivals England RM 23 David Bentley 08/09 Blackburn Rovers €22.00m
28%
Arrivals Mexico SS 19 Giovani dos Santos 08/09 Barcelona €6.00m
28%
Departures Mexico SS 23 Giovani dos Santos 12/13 Mallorca €1.00m
28%
Arrivals Egypt ST 23 Mido 06/07 Roma €6.75m
28%
Departures Egypt ST 24 Mido 07/08 Middlesbrough €8.80m
28%
Arrivals Croatia AM 25 Niko Kranjčar 09/10 Portsmouth €2.80m
28%
Departures Croatia AM 27 Niko Kranjčar 12/13 Dynamo Kyiv €7.00m
28%
Arrivals England DM 18 Tom Huddlestone 05/06 Derby County €4.70m
28%
Departures England DM 26 Tom Huddlestone 13/14 Hull City €5.80m
28%
Arrivals France CB 21 Younes Kaboul 07/08 Auxerre €12.00m
28%
Arrivals France CB 23 Younes Kaboul 09/10 Portsmouth €5.90m
28%
Departures France CB 22 Younes Kaboul 08/09 Portsmouth €6.25m
28%
Departures France CB 29 Younes Kaboul 15/16 Sunderland €4.30m
28%
Arrivals Scotland RB 23 Alan Hutton 07/08 Rangers €13.00m
27%
Departures Scotland RB 26 Alan Hutton 11/12 Aston Villa €4.50m
27%
Arrivals England CM 22 Jermaine Jenas 05/06 Newcastle United €15.00m
27%
Departures England CM 28 Jermaine Jenas 11/12 Aston Villa €1.00m
27%
Arrivals England ST 30 Les Ferdinand 97/98 Newcastle United €9.50m
27%
Arrivals France DM 25 Étienne Capoue 13/14 Toulouse €11.00m
26%
Departures France DM 26 Étienne Capoue 15/16 Watford €8.90m
26%
Arrivals Ghana AM 20 Kevin-Prince Boateng 07/08 Hertha Berlin €7.90m
26%
Departures Ghana AM 22 Kevin-Prince Boateng 09/10 Portsmouth €4.50m
26%
Arrivals Morocco AM 18 Adel Taarabt 07/08 Lens €4.00m
25%
Departures Morocco AM 21 Adel Taarabt 10/11 Queens Park Rangers €1.20m
25%
Arrivals England GK 24 Paul Robinson 04/05 Leeds United €3.00m
25%
Departures England GK 28 Paul Robinson 08/09 Blackburn Rovers €4.40m
25%
Arrivals Ireland LM 22 Andy Reid 04/05 Nottingham Forest €8.00m
24%
Departures Ireland LM 23 Andy Reid 06/07 Charlton Athletic €4.20m
24%
Arrivals Ivory Coast DM 25 Didier Zokora 06/07 Saint-Étienne €12.35m
24%
Departures Ivory Coast DM 28 Didier Zokora 09/10 Sevilla €9.00m
24%
Arrivals England AM 21 Paul Gascoigne 88/89 Newcastle United €5.20m
24%
Departures England AM 25 Paul Gascoigne 92/93 Lazio €7.40m
24%
Arrivals France LW 30 David Ginola 97/98 Newcastle United €2.85m
22%
Arrivals England LW 18 Jack Clarke 19/20 Leeds United €11.00m
22%
Arrivals Cameroon CB 23 Sébastien Bassong 09/10 Newcastle United €9.30m
22%
Departures Cameroon CB 26 Sébastien Bassong 12/13 Norwich City €3.00m
22%
Arrivals Mali ST 25 Frédéric Kanouté 03/04 West Ham United €5.25m
21%
Departures Mali ST 27 Frédéric Kanouté 05/06 Sevilla €6.50m
21%
Arrivals France DM 24 Benjamin Stambouli 14/15 Montpellier €5.90m
20%
Departures France DM 24 Benjamin Stambouli 15/16 Paris Saint-Germain €8.60m
20%
Arrivals Ukraine ST 26 Serhiy Rebrov 00/01 Dynamo Kyiv €18.00m
20%
Arrivals Uruguay AM 33 Gus Poyet 01/02 Chelsea €3.40m
19%
Arrivals England CB 28 Jonathan Woodgate 07/08 Middlesbrough €10.80m
19%
Departures England DM 24 Jake Livermore 14/15 Hull City €7.00m
18%
Departures England CM 24 Tom Carroll 16/17 Swansea City €5.20m
18%
Arrivals England RB 20 Kyle Naughton 09/10 Sheffield United €5.90m
16%
Departures England RB 26 Kyle Naughton 14/15 Swansea City €6.60m
16%
Arrivals France RB 27 Pascal Chimbonda 06/07 Wigan Athletic €10.00m
16%
Arrivals France RB 29 Pascal Chimbonda 08/09 Sunderland €3.20m
16%
Departures France RB 29 Pascal Chimbonda 08/09 Sunderland €3.20m
16%
Departures France RB 30 Pascal Chimbonda 09/10 Blackburn Rovers €1.70m
16%
Arrivals Romania CB 26 Gheorghe Popescu 94/95 PSV €2.90m
15%
Departures Romania CB 27 Gheorghe Popescu 94/95 Barcelona €2.80m
15%
Arrivals Portugal ST 20 Hélder Postiga 03/04 Porto €9.00m
15%
Departures Portugal ST 21 Hélder Postiga 04/05 Porto €7.50m
15%
Departures Sierra Leone CB 21 Steven Caulker 13/14 Cardiff City €9.15m
15%
Arrivals South Korea RW 18 Yang Min-hyeok 24/25 Gangwon €4.00m
15%
Arrivals Germany LM 29 Christian Ziege 01/02 Liverpool €6.50m
14%
Arrivals England DM 24 Sean Davis 04/05 Fulham €5.20m
13%
Departures England DM 26 Sean Davis 05/06 Portsmouth €2.80m
13%
Arrivals Norway ST 20 Steffen Iversen 96/97 Rosenborg €3.25m
13%
Arrivals France LM 26 Steed Malbranque 06/07 Fulham €3.00m
12%
Departures France LM 28 Steed Malbranque 08/09 Sunderland €5.00m
12%
Arrivals Cameroon LB 22 Timothée Atouba 04/05 Basel €4.50m
12%
Departures Cameroon LB 23 Timothée Atouba 05/06 Hamburger €2.50m
12%
Arrivals England CM 29 Tim Sherwood 98/99 Blackburn Rovers €6.00m
12%
Departures England AM 28 Chris Waddle 89/90 Marseille €5.40m
11%
Arrivals Poland ST 26 Grzegorz Rasiak 05/06 Derby County €3.50m
11%
Departures Poland ST 26 Grzegorz Rasiak 05/06 Southampton €3.00m
11%
Arrivals England CB 27 Dean Richards 01/02 Southampton €12.15m
9%
Departures Finland DM 28 Teemu Tainio 08/09 Sunderland €3.00m
9%
Arrivals England ST 24 Chris Armstrong 95/96 Crystal Palace €6.80m
8%
Arrivals Portugal CM 25 Pedro Mendes 04/05 Porto €3.00m
8%
Departures Scotland ST 27 Steve Archibald 84/85 Barcelona €2.00m
8%
Departures England AM 23 Alex Pritchard 16/17 Norwich City €9.40m
7%
Departures England ST 26 Clive Allen 87/88 Bordeaux €1.10m
7%
Departures Sweden LB 26 Erik Edman 05/06 Stade Rennais €3.00m
7%
Arrivals Egypt CM 24 Hossam Ghaly 05/06 Feyenoord €3.00m
7%
Departures Spain RW 24 Iago Falque 14/15 Genoa €2.00m
7%
Arrivals Romania LW 25 Ilie Dumitrescu 94/95 Steaua București €3.70m
7%
Departures Romania LW 27 Ilie Dumitrescu 95/96 West Ham United €1.50m
7%
Departures England RB 21 Luke Young 01/02 Charlton Athletic €6.00m
7%
Arrivals Norway AM 28 Øyvind Leonhardsen 99/00 Liverpool €4.50m
7%
Departures England ST 21 Rory Allen 99/00 Portsmouth €1.50m
7%
Arrivals England RW 20 Wayne Routledge 05/06 Crystal Palace €3.00m
7%
Departures England RW 23 Wayne Routledge 07/08 Aston Villa €1.70m
7%
Arrivals Wales RB 18 Chris Gunter 07/08 Cardiff City €3.20m
6%
Departures Wales RB 19 Chris Gunter 09/10 Nottingham Forest €2.00m
6%
Arrivals England CB 26 Chris Perry 99/00 Wimbledon €6.00m
6%
Arrivals England CM 28 Danny Murphy 05/06 Charlton Athletic €3.21m
6%
Arrivals England LB 20 Ezekiel Fryers 12/13 Standard Liège €3.50m
6%
Departures England LB 21 Ezekiel Fryers 14/15 Crystal Palace €3.80m
6%
Arrivals Scotland ST 25 Gordon Durie 91/92 Chelsea €3.30m
6%
Departures Scotland ST 27 Gordon Durie 93/94 Rangers €1.80m
6%
Departures England CM 24 Jamie O'Hara 11/12 Wolverhampton Wanderers €3.75m
6%
Arrivals Montserrat CM 27 Ruel Fox 95/96 Newcastle United €4.75m
6%
Departures England CB 24 Calum Davenport 06/07 West Ham United €4.20m
5%
Departures Norway GK 22 Espen Baardsen 00/01 Watford €2.00m
5%
Arrivals England CB 30 John Scales 96/97 Liverpool €3.00m
5%
Departures England CB 25 Neil Ruddock 93/94 Liverpool €3.00m
5%
Departures England LM 21 Nick Barmby 95/96 Middlesbrough €7.50m
5%
Departures England CM 27 Paul Stewart 92/93 Liverpool €2.75m
5%
Departures Scotland CB 25 Richard Gough 87/88 Rangers €2.50m
5%
Departures Ireland RB 22 Stephen Kelly 06/07 Birmingham City €1.60m
5%
Departures England CB 27 Anthony Gardner 08/09 Hull City €3.20m
4%
Arrivals Wales LB 24 Ben Thatcher 00/01 Wimbledon €7.54m
4%
Arrivals Brazil LB 31 Gilberto 07/08 Hertha Berlin €2.80m
4%
Departures England LM 19 Keanan Bennetts 18/19 Borussia Mönchengladbach €2.25m
4%
Arrivals Switzerland CB 25 Ramon Vega 96/97 Cagliari €5.00m
4%
Departures Switzerland LM 21 Reto Ziegler 07/08 Sampdoria €2.00m
4%
Arrivals Portugal CB 28 Ricardo Rocha 06/07 Benfica €5.00m
4%
Arrivals Serbia CB 28 Goran Bunjevčević 01/02 Crvena Zvezda €6.00m
2%
Departures Belgium AM 17 Ismail Azzaoui 15/16 Wolfsburg €1.00m
2%
Departures Belgium DM 19 Jonathan Blondel 03/04 Club Brugge €1.20m
2%
Departures England CM 28 Michael Brown 05/06 Fulham €2.30m
2%
Departures England CM 24 Stephen Clemence 02/03 Birmingham City €1.35m
2%
Departures England CM 25 Vinny Samways 94/95 Everton €3.30m
2%
Departures England CB 26 Steve Sedgley 94/95 Ipswich Town €1.25m
1%
No matching quizzes found
Score Distribution
Percent of People with Each Score
Percentile by Number Answered
Your Score History
You have not taken this quiz since the last reset